Quality control in production : (Record no. 76002)
[ view plain ]
| 000 -LEADER | |
|---|---|
| fixed length control field | 01013nam a2200289 a 4500 |
| 001 - CONTROL NUMBER | |
| control field | 76002 |
| 003 - CONTROL NUMBER IDENTIFIER | |
| rucl marc code | BD-RjUL |
| 005 - DATE AND TIME OF LATEST TRANSACTION | |
| control field | 20211209082756.0 |
| 008 - FIXED-LENGTH DATA ELEMENTS--GENERAL INFORMATION | |
| fixed length control field | 191001s1947 enka b 001 0 eng d |
| 035 ## - SYSTEM CONTROL NUMBER | |
| System control number | (BD-RjUL)76221 |
| System control number | 2498571 |
| 040 ## - CATALOGING SOURCE | |
| Original cataloging agency | D2035 |
| Language of cataloging | eng |
| Transcribing agency | D2035 |
| Modifying agency | NNCU:A |
| -- | BD-RjUL |
| 041 ## - LANGUAGE CODE | |
| Language code of text/sound track or separate title | eng |
| 082 04 - DEWEY DECIMAL CLASSIFICATION NUMBER | |
| Edition number | 23 |
| Classification number | 658.562 |
| Author mark and year | RIQ 1947 |
| 100 1# - MAIN ENTRY--PERSONAL NAME | |
| Personal name | Rissik, H. |
| 9 (RLIN) | 233385 |
| 245 10 - TITLE STATEMENT | |
| Title | Quality control in production : |
| Remainder of title | a machine-shop manual on the statistical method of controlling product quality during manufacture / |
| Statement of responsibility, etc. | by H. Rissik ; with a foreword by Sir Frank Gill. |
| 260 ## - PUBLICATION, DISTRIBUTION, ETC. (IMPRINT) | |
| Place of publication, distribution, etc. | London : |
| Name of publisher, distributor, etc. | Pitman, |
| Date of publication, distribution, etc. | 1947. |
| 300 ## - PHYSICAL DESCRIPTION | |
| Pagination | xvii, 181 p. : |
| Illustrations | ill. ; |
| Size | 22 cm. |
| 500 ## - GENERAL NOTE | |
| General note | Includes index. |
| 504 ## - BIBLIOGRAPHY, ETC. NOTE | |
| Bibliography, etc | Bibliography: p. 156-160. |
| 650 #0 - SUBJECT ADDED ENTRY--TOPICAL TERM | |
| Topical term or geographic name as entry element | Production management |
| General subdivision | Quality control. |
| 9 (RLIN) | 233386 |
| Topical term or geographic name as entry element | Manufacturing processes |
| General subdivision | Quality control. |
| 9 (RLIN) | 233387 |
| Topical term or geographic name as entry element | Quality control |
| General subdivision | Statistical methods. |
| 9 (RLIN) | 233388 |
| 700 ## - ADDED ENTRY--PERSONAL NAME | |
| Personal name | Gill, Frank |
| 942 ## - ADDED ENTRY ELEMENTS (KOHA) | |
| Source of classification or shelving scheme | Dewey Decimal Classification |
| Koha item type | Books |
| Lost status | Source of classification or shelving scheme | Damaged status | Not for loan | Collection code | Permanent Location | Current Location | Shelving location | Date acquired | Source of acquisition | Cost, normal purchase price | Total Checkouts | Full call number | Date last seen | Copy number | Koha item type |
|---|---|---|---|---|---|---|---|---|---|---|---|---|---|---|---|
| Dewey Decimal Classification | Non-fiction | Central Library, University of Rajshahi | Central Library, University of Rajshahi | 31/01/1963 | Zeitlinger | 12.60 | 658.562 RIQ 1947 | 01/10/2019 | C-2 | Books | |||||
| Dewey Decimal Classification | Not For Loan | Non-fiction | Central Library, University of Rajshahi | Central Library, University of Rajshahi | Reading Room | 31/01/1963 | Zeitlinger | 12.60 | 658.562 RIQ 1947 | 01/10/2019 | C-1 | Books |